| 000 | 00403nam a2200133Ia 4500 | ||
|---|---|---|---|
| 008 | 220204s9999 xx 000 0 und d | ||
| 082 |
_a338.23:336 _bPRA |
||
| 100 | _aPrasanna Chandra | ||
| 245 | 0 | _aProjects : Planning, analysis, selection, implementation, and review | |
| 250 | _aEd.4 | ||
| 260 |
_aNew Delhi _bTata Mc Graw-Hill publishing company _c1995 |
||
| 650 | _aFinancial analysis | ||
| 942 | _cBK | ||
| 999 |
_c41018 _d41018 |
||